000 00559nam a22002057a 4500
003 LK-CoMWRAF
005 20231218133902.0
008 231217b1987 |||||||| |||| 00| 0 eng d
020 _a0879012455
040 _aLK-CoMWRAF
_dLK-CoMWRAF
_eLK-CoMWRAF
041 _aeng
082 _a301
_bROB
100 _aRobertson, Ian
245 _aSociology
250 _a3rd ed.
260 _aNew York:
_bWorth Publishers,
_c1987
300 _a xvii, 713 p. : ill. (some color) ; 28 cm
_bBibliography, glossary & index included
650 _aSOCIOLOGY
942 _cBK
999 _c4505
_d4505